<?xml version="1.0" encoding="UTF-8"?>
<record
    xmlns:xsi="http://www.w3.org/2001/XMLSchema-instance"
    xsi:schemaLocation="http://www.loc.gov/MARC21/slim http://www.loc.gov/standards/marcxml/schema/MARC21slim.xsd"
    xmlns="http://www.loc.gov/MARC21/slim">

  <leader>01383nam a22003017a 4500</leader>
  <controlfield tag="001">8119</controlfield>
  <controlfield tag="003">FISKH</controlfield>
  <controlfield tag="005">20250916114027.0</controlfield>
  <controlfield tag="008">250827b        cb ||||| |||| 00| 0 eng d</controlfield>
  <datafield tag="020" ind1=" " ind2=" ">
    <subfield code="a">9789996301551</subfield>
  </datafield>
  <datafield tag="040" ind1=" " ind2=" ">
    <subfield code="a">FISKH</subfield>
    <subfield code="b">khr</subfield>
    <subfield code="c">FISKH</subfield>
    <subfield code="d">FISKH</subfield>
  </datafield>
  <datafield tag="050" ind1=" " ind2=" ">
    <subfield code="a">PZ7</subfield>
  </datafield>
  <datafield tag="100" ind1=" " ind2=" ">
    <subfield code="a">Sun, Ven</subfield>
  </datafield>
  <datafield tag="245" ind1=" " ind2=" ">
    <subfield code="a">&#x179B;&#x17D2;&#x1794;&#x17BE;&#x1780; &#x1785;&#x17B6;&#x1794; &#x1793;&#x17B7;&#x1784;&#x179F;&#x17D2;&#x179C;&#x17B6; :</subfield>
    <subfield code="b">The sparrow and the monkey &#x179B;&#x17C6;&#x1793;&#x17B6;&#x17C6;&#x179A;&#x17BF;&#x1784;&#x1796;&#x17B6;&#x1780;&#x17D2;&#x1799;&#x179A;&#x17B6;&#x1799; &#x178A;&#x1780;&#x179F;&#x17D2;&#x179A;&#x1784;&#x17CB;&#x1796;&#x17B8;&#x179F;&#x17C0;&#x179C;&#x1797;&#x17C5;&#x179F;&#x17D2;&#x179A;&#x17B8;&#x17A0;&#x17B7;&#x178F;&#x17C4;&#x1794;&#x1791;&#x17C1;&#x179F;&#x200B;/</subfield>
    <subfield code="c">&#x179A;&#x17C0;&#x1794;&#x179A;&#x17C0;&#x1784;&#x1787;&#x17B6;&#x1796;&#x17B6;&#x1780;&#x17D2;&#x1799;&#x1780;&#x17B6;&#x1796;&#x17D2;&#x1799;&#x178A;&#x17C4;&#x1799;&#x200B; &#x179B;&#x17C4;&#x1780; &#x179C;&#x17C9;&#x17C2;&#x1793; &#x179F;&#x17BB;&#x1793; ,&#x200B; &#x179C;&#x17B7;&#x1785;&#x17B7;&#x178F;&#x17D2;&#x179A;&#x1780;&#x179A;&#x179A;&#x17BC;&#x1794;&#x1797;&#x17B6;&#x1796;&#x178A;&#x17C4;&#x1799; &#x179B;&#x17C4;&#x1780; &#x179F;&#x1798; &#x179F;&#x17B6;&#x179A;&#x17C9;&#x17B6;&#x178F;&#x200B;</subfield>
  </datafield>
  <datafield tag="260" ind1=" " ind2=" ">
    <subfield code="a">&#x1797;&#x17D2;&#x1793;&#x17C6;&#x1796;&#x17C1;&#x1789; :</subfield>
    <subfield code="b">Reading Book ,</subfield>
    <subfield code="c">2012 .</subfield>
  </datafield>
  <datafield tag="300" ind1=" " ind2=" ">
    <subfield code="a">20 pages  :</subfield>
    <subfield code="b">color illustrations ;</subfield>
    <subfield code="c">25 cm . </subfield>
  </datafield>
  <datafield tag="490" ind1=" " ind2=" ">
    <subfield code="a">&#x1796;&#x17B7;&#x1797;&#x1796;&#x179A;&#x17BF;&#x1784;&#x1793;&#x17B7;&#x1791;&#x17B6;&#x1793;</subfield>
  </datafield>
  <datafield tag="505" ind1=" " ind2=" ">
    <subfield code="a">P 
</subfield>
  </datafield>
  <datafield tag="520" ind1=" " ind2=" ">
    <subfield code="a">&#x1780;&#x17C6;&#x1793;&#x17B6;&#x1796;&#x17D2;&#x1799;&#x1794;&#x1791;&#x1796;&#x17D2;&#x179A;&#x17A0;&#x17D2;&#x1798;&#x1782;&#x17B8;&#x178F;&#x17B7; 
</subfield>
  </datafield>
  <datafield tag="520" ind1=" " ind2=" ">
    <subfield code="a">Khmer Poetry : Brahma's Song Meter 
</subfield>
  </datafield>
  <datafield tag="521" ind1="8" ind2=" ">
    <subfield code="a">650 
</subfield>
    <subfield code="b">Lexile estimate 
</subfield>
  </datafield>
  <datafield tag="521" ind1="8" ind2=" ">
    <subfield code="a">P 
</subfield>
    <subfield code="b">Raz-Plus 
</subfield>
  </datafield>
  <datafield tag="650" ind1=" " ind2=" ">
    <subfield code="a">&#x179B;&#x17D2;&#x1794;&#x17BE;&#x1780;&#x1785;&#x17B6;&#x1794; &#x1793;&#x17B7;&#x1784;&#x179F;&#x17D2;&#x179C;&#x17B6;&#x200B;</subfield>
    <subfield code="v">&#x179A;&#x17BF;&#x1784;&#x1793;&#x17B7;&#x1791;&#x17B6;&#x1793;&#x1780;&#x17BB;&#x1798;&#x17B6;&#x179A;</subfield>
  </datafield>
  <datafield tag="650" ind1=" " ind2=" ">
    <subfield code="a">The sparrow and the monkey </subfield>
    <subfield code="v">Children's stories </subfield>
  </datafield>
  <datafield tag="700" ind1=" " ind2=" ">
    <subfield code="a">Sarat, Sam</subfield>
    <subfield code="e">Illustrator </subfield>
  </datafield>
  <datafield tag="942" ind1=" " ind2=" ">
    <subfield code="2">ddc</subfield>
    <subfield code="c">KHB</subfield>
    <subfield code="n">0</subfield>
  </datafield>
  <datafield tag="999" ind1=" " ind2=" ">
    <subfield code="c">8119</subfield>
    <subfield code="d">8119</subfield>
  </datafield>
  <datafield tag="952" ind1=" " ind2=" ">
    <subfield code="0">0</subfield>
    <subfield code="1">0</subfield>
    <subfield code="2">ddc</subfield>
    <subfield code="4">0</subfield>
    <subfield code="7">0</subfield>
    <subfield code="8">Khmer-English Bilingual </subfield>
    <subfield code="a">002</subfield>
    <subfield code="b">002</subfield>
    <subfield code="c">TTP Khmer</subfield>
    <subfield code="d">2025-08-27</subfield>
    <subfield code="l">0</subfield>
    <subfield code="o">SUN PZ7</subfield>
    <subfield code="p">2025-4274</subfield>
    <subfield code="r">2025-08-27 11:09:41</subfield>
    <subfield code="t">1</subfield>
    <subfield code="w">2025-08-27</subfield>
    <subfield code="y">KHB</subfield>
  </datafield>
  <datafield tag="952" ind1=" " ind2=" ">
    <subfield code="0">0</subfield>
    <subfield code="1">0</subfield>
    <subfield code="2">ddc</subfield>
    <subfield code="4">0</subfield>
    <subfield code="7">0</subfield>
    <subfield code="8">Khmer-English Bilingual </subfield>
    <subfield code="a">002</subfield>
    <subfield code="b">002</subfield>
    <subfield code="c">TTP Khmer</subfield>
    <subfield code="d">2025-09-16</subfield>
    <subfield code="l">0</subfield>
    <subfield code="o">SUN PZ7</subfield>
    <subfield code="p">FIS04019</subfield>
    <subfield code="r">2025-09-16 11:40:58</subfield>
    <subfield code="t">2</subfield>
    <subfield code="w">2025-09-16</subfield>
    <subfield code="y">KHB</subfield>
  </datafield>
</record>
